[Event "Nationale I Jeune, Cannes"]
[Site "Cannes"]
[Date "1998.??.??"]
[Round "?"]
[White "Buffe, Remi"]
[Black "Soleillant, Alexandre"]
[Result "0-1"]
[WhiteElo "2690"]
[BlackElo "2650"]
[PlyCount "56"]
[EventDate "1998.??.??"]
[Source "www.chesslib.no"]
[SourceDate "2004.05.04"]

1. d4 d5 2. Nf3 Nf6 3. c4 e6 4. Nc3 c5 5. e3 Nc6 6. Bd3 Be7 7. O-O O-O 8. Qc2 h6 9. Rd1 Re8 10. dxc5 Bxc5 11. cxd5 exd5 12. Nxd5 Bg4 13. Nxf6+ Qxf6 14. Qxc5 Bxf3 15. gxf3 Qxf3 16. Bd2 Ne5 17. Qd4 Rad8 18. Qe4 Rxd3 19. Qa4 Red8 20. Qb4 Qe2 21. Qa5 Nf3+ 22. Kh1 Rxd2 23. Rxd2 Rxd2 24. Rc1 Rc2 25. Qd8+ Kh7 26. Rd1 Qxf2 27. Qd3+ g6 28. Qf1 Qxh2# 0-1

[Event "Corr"]
[Site "corr"]
[Date "1992.??.??"]
[Round "?"]
[White "Meleghegyi, Csaba"]
[Black "Poulsen, Allan"]
[Result "1-0"]
[WhiteElo "2635"]
[BlackElo "2620"]
[PlyCount "51"]
[EventDate "1992.??.??"]
[Source "www.chesslib.no"]
[SourceDate "2004.05.04"]

1. d4 d5 2. c4 e6 3. Nc3 c5 4. e3 Nf6 5. Nf3 Nc6 6. a3 Ne4 7. Bd3 Nxc3 8. bxc3 Be7 9. O-O O-O 10. Qc2 h6 11. Bb2 Na5 12. cxd5 exd5 13. Ne5 c4 14. Bh7+ Kh8 15. Bf5 Nc6 16. f4 Bd6 17. e4 Ne7 18. Bxc8 Rxc8 19. exd5 Kg8 20. Rae1 Nxd5 21. Qf5 Rc7 22. Ng4 Ne7 23. Qh5 f5 24. Nxh6+ gxh6 25. Re6 Rc6 26. Rxh6 1-0

[Event "Aker Brygge"]
[Site "Aker Brygge"]
[Date "1989.??.??"]
[Round "6"]
[White "Smyslov, Vassily V"]
[Black "Tal, Mikhail N"]
[Result "1/2-1/2"]
[WhiteElo "2560"]
[BlackElo "2610"]
[PlyCount "45"]
[EventDate "1989.??.??"]
[Source "www.chesslib.no"]
[SourceDate "2004.05.04"]

1. d4 Nf6 2. Nf3 e6 3. c4 c5 4. e3 d5 5. Nc3 Nc6 6. a3 a6 7. dxc5 Bxc5 8. b4 Bd6 9. Bb2 O-O 10. Rc1 Ne5 11. Nxe5 Bxe5 12. Bd3 dxc4 13. Bxc4 Bd7 14. Be2 Rc8 15. O-O Qb6 16. Ba1 Rfd8 17. Qb3 Bc6 18. Rfd1 Nd5 19. Nxd5 Bxd5 20. Qb1 Bxa1 21. Qxa1 Bc6 22. Rxd8+ Rxd8 23. Rd1 1/2-1/2

[Event "2nd MAIG Team Standard"]
[Site "Macau CHN"]
[Date "2007.10.30"]
[Round "5"]
[White "Adianto, U."]
[Black "Ghaem Maghami, E."]
[Result "1/2-1/2"]
[WhiteElo "2572"]
[BlackElo "2591"]
[PlyCount "118"]
[EventDate "2007.10.28"]
[Source "www.chesslib.no"]
[SourceDate "2004.05.04"]

1. d4 Nf6 2. Nf3 e6 3. c4 c5 4. e3 d5 5. Nc3 a6 6. cxd5 exd5 7. Be2 c4 8. O-O b5 9. Ne5 Bb7 10. b3 Nbd7 11. e4 Nxe4 12. Nxe4 dxe4 13. bxc4 Bd6 14. cxb5 O-O 15. bxa6 Bxa6 16. Bxa6 Rxa6 17. Qe2 Ra4 18. Nxd7 Qxd7 19. Qxe4 Rxd4 20. Qf3 Be5 21. Bb2 Rd3 22. Rad1 Rxd1 23. Rxd1 Qc7 24. Bxe5 Qxe5 25. a4 Qa5 26. Qc6 Rb8 27. g3 g6 28. Kg2 Qb4 29. Rd7 Rb6 30. Qd5 Rf6 31. Qe5 Qb6 32. Rd4 Rf5 33. Qe4 h5 34. Rd2 Kh7 35. h3 Qc7 36. Rc2 Qd6 37. Re2 Qc7 38. Re3 Kg8 39. Rf3 Ra5 40. Qe8+ Kg7 41. Rf4 Rc5 42. Qe4 Kg8 43. Rf3 Ra5 44. Qd4 Rc5 45. Qe4 Ra5 46. Qf4 Qb7 47. g4 hxg4 48. hxg4 Rc5 49. Kg3 Qd7 50. Qb8+ Rc8 51. Qb3 Qc7+ 52. Kg2 Ra8 53. Rc3 Qe5 54. Qc2 Qd5+ 55. f3 Kg7 56. Rc5 Qd4 57. Rc4 Qd7 58. Rc7 Qe8 59. Qc4 Rxa4 1/2-1/2

[Event "Muenster"]
[Site "Muenster GER"]
[Date "1995.??.??"]
[Round "?"]
[White "Christiansen, Larry M"]
[Black "Kindermann, Stefan E S"]
[Result "1/2-1/2"]
[WhiteElo "2570"]
[BlackElo "2585"]
[PlyCount "125"]
[EventDate "1995.??.??"]
[Source "www.chesslib.no"]
[SourceDate "2004.05.04"]

1. c4 Nf6 2. Nc3 c5 3. Nf3 Nc6 4. e3 e6 5. d4 d5 6. a3 Ne4 7. Bd3 Nxc3 8. bxc3 dxc4 9. Bxc4 Be7 10. O-O O-O 11. e4 Qc7 12. Ba2 b6 13. Qe2 Bb7 14. Bb2 Bf6 15. Rfe1 Na5 16. Rad1 Rfe8 17. e5 Be7 18. d5 exd5 19. Bxd5 c4 20. Bxb7 Qxb7 21. h4 Bf8 22. Nd4 Rad8 23. Qg4 Kh8 24. Bc1 Rd5 25. Nf3 h6 26. h5 b5 27. Bf4 Nb3 28. Qf5 Nc5 29. Nd4 Nd3 30. Re3 Qd7 31. Qxd7 Rxd7 32. Nxb5 a6 33. e6 Rxe6 34. Rxe6 fxe6 35. Nc7 e5 36. Ne6 Bxa3 37. Ra1 Rd6 38. Rxa3 Rxe6 39. Be3 Kg8 40. Ra1 Rc6 41. g4 Kf7 42. Kg2 e4 43. Kg3 g5 44. hxg6+ Kxg6 45. Kh4 Rf6 46. Bd4 Rc6 47. Be3 Rf6 48. Bd4 Rc6 49. Ra2 Nf4 50. Kg3 Ne6 51. Be3 h5 52. gxh5+ Kxh5 53. Ra5+ Kg6 54. Kg4 Nc7 55. Rh5 Kf7 56. Bd4 Nd5 57. Be5 Rg6+ 58. Kf5 Rg2 59. Rh7+ Kg8 60. Rh6 Kf7 61. Kxe4 Ne7 62. Rf6+ Ke8 63. Bd4 1/2-1/2

[Event "Titovo Uzice"]
[Site "?"]
[Date "1978.??.??"]
[Round "3"]
[White "Andersson Ulf"]
[Black "Ljubojevic Ljubomir"]
[Result "1/2-1/2"]
[WhiteElo "2545"]
[BlackElo "2605"]
[PlyCount "27"]
[EventDate "1978.??.??"]
[Source "www.chesslib.no"]
[SourceDate "2004.05.04"]

1. Nf3 Nf6 2. c4 c5 3. Nc3 e6 4. e3 d5 5. d4 Nc6 6. Be2 dxc4 7. Bxc4 a6 8. a4 cxd4 9. exd4 b6 10. d5 exd5 11. Nxd5 Nxd5 12. Qxd5 Bb4+ 13. Bd2 Bxd2+ 14. Nxd2 1/2-1/2

[Event "Vinkovci"]
[Site "Vinkovci"]
[Date "1993.??.??"]
[Round "?"]
[White "Kozul, Zdenko"]
[Black "Cvitan, Ognjen"]
[Result "1-0"]
[WhiteElo "2595"]
[BlackElo "2550"]
[PlyCount "85"]
[EventDate "1993.12.??"]
[Source "ChessBase"]

1. d4 d5 2. c4 e6 3. Nc3 c5 4. e3 Nf6 5. Nf3 a6 6. a3 Nc6 7. dxc5 Bxc5 8. b4 Ba7 9. Bb2 O-O 10. Qb3 dxc4 11. Qxc4 e5 12. Rd1 Qe7 13. Bd3 Rd8 14. Qh4 Bg4 15. Bxh7+ Nxh7 16. Qxg4 Nf6 17. Qh4 Rxd1+ 18. Nxd1 Qe6 19. O-O Rd8 20. Nc3 Qb3 21. Ba1 Rd3 22. Qh3 Ne7 23. Ne2 Rd1 24. Ng3 Bxe3 25. Bxe5 Nd7 26. Rxd1 Qxd1+ 27. Nf1 Bb6 28. Bc3 Ng6 29. Ng5 Ndf8 30. Qf5 Qb3 31. Qf3 f6 32. Ne4 Nd7 33. Qg4 Qf7 34. Nd6 Qa2 35. Bd4 Nge5 36. Qe4 Bxd4 37. Qxd4 Qxa3 38. Qd5+ Kh7 39. Qe4+ Kg8 40. f4 Nd3 41. Qe6+ Kh7 42. Qxd7 Qc3 43. Nf5 1-0

[Event "Munich"]
[Site "Munich"]
[Date "1990.??.??"]
[Round "?"]
[White "Boensch, Uwe"]
[Black "Gulko, Boris F"]
[Result "1/2-1/2"]
[WhiteElo "2530"]
[BlackElo "2610"]
[PlyCount "52"]
[EventDate "1990.04.??"]
[Source "ChessBase"]

1. Nf3 c5 2. c4 Nc6 3. Nc3 Nf6 4. e3 e6 5. d4 d5 6. a3 cxd4 7. exd4 Be7 8. Bd3 dxc4 9. Bxc4 O-O 10. O-O a6 11. Ba2 b5 12. d5 exd5 13. Nxd5 Nxd5 14. Qxd5 Qxd5 15. Bxd5 Bb7 16. Bg5 Bxg5 17. Nxg5 Na5 18. Bxb7 Nxb7 19. Rfd1 Rfd8 20. g3 Na5 21. b4 Rxd1+ 22. Rxd1 Nc4 23. Rd3 a5 24. Ne4 Kf8 25. Kg2 h6 26. h4 axb4 1/2-1/2

[Event "Acropolis GM Open"]
[Site "?"]
[Date "2005.03.08"]
[Round "3"]
[White "Gershon Alik"]
[Black "Izoria Zviad"]
[Result "0-1"]
[WhiteElo "2533"]
[BlackElo "2607"]
[PlyCount "74"]
[EventDate "2005.??.??"]
[Source "www.chesslib.no"]
[SourceDate "2004.05.04"]

1. d4 d5 2. c4 e6 3. Nc3 a6 4. e3 Nf6 5. Nf3 c5 6. cxd5 exd5 7. Be2 Bd6 8. O-O O-O 9. dxc5 Bxc5 10. b3 Nc6 11. Bb2 Ba7 12. Rc1 Re8 13. Na4 Ne4 14. Bd4 Nxd4 15. Nxd4 Qg5 16. Qd3 Bh3 17. Bf3 Rad8 18. Nc3 Bb8 19. Nde2 h5 20. Ng3 h4 21. gxh3 hxg3 22. hxg3 Nxg3 23. fxg3 Qxg3+ 24. Bg2 Rxe3 25. Qd4 Qh2+ 26. Kf2 Rde8 27. Qxe3 Rxe3 28. Kxe3 Qxg2 29. Kd3 Qxh3+ 30. Kc2 Be5 31. Ne2 Qe3 32. Rfe1 g6 33. Rcd1 Qe4+ 34. Kc1 d4 35. Ng1 Bf4+ 36. Kb2 Be3 37. Ne2 Bf2 0-1

[Event "Thessaloniki (ol)"]
[Site "?"]
[Date "1988.??.??"]
[Round "?"]
[White "Uhlmann, W."]
[Black "Portisch, L."]
[Result "0-1"]
[WhiteElo "2505"]
[BlackElo "2630"]
[PlyCount "64"]
[EventDate "1988.??.??"]
[Source "ChessBase"]
[SourceDate "1988.07.01"]

1. c4 c5 2. Nf3 Nf6 3. Nc3 Nc6 4. e3 e6 5. d4 d5 6. a3 Ne4 7. Bd3 Nxc3 8. bxc3 Be7 9. O-O O-O 10. Bb2 Na5 11. Nd2 dxc4 12. Nxc4 Nxc4 13. Bxc4 Qc7 14. Qe2 Bd7 15. d5 Bd6 16. h3 e5 17. e4 f5 18. exf5 Bxf5 19. f3 Rae8 20. Bc1 Qe7 21. Bb5 Rc8 22. Bd3 Bxd3 23. Qxd3 e4 24. Qe2 Qe5 25. f4 Qxc3 26. Bb2 Qg3 27. Qxe4 Bxf4 28. Qe6+ Kh8 29. Rf3 Qh2+ 30. Kf1 Rce8 31. Qg4 Be5 32. Bxe5 Qxe5 0-1

[Event "Open"]
[Site "Geneve"]
[Date "2004.01.30"]
[Round "7"]
[White "Kovacevic, Vlatko"]
[Black "Khenkin, Igor"]
[Result "0-1"]
[WhiteElo "2503"]
[BlackElo "2627"]
[PlyCount "110"]
[EventDate "2004.??.??"]
[Source "Roberto Alvarez"]
[SourceDate "2004.02.23"]

1. d4 d5 2. c4 e6 3. Nc3 c5 4. e3 Nc6 5. Nf3 Nf6 6. a3 cxd4 7. exd4 Be7 8. Bd3 O-O 9. O-O dxc4 10. Bxc4 b6 11. h3 Bb7 12. Be3 Rc8 13. Qe2 Na5 14. Bd3 Nd5 15. Ne4 h6 16. Ned2 Bd6 17. b4 Nc6 18. Ba6 Bxa6 19. Qxa6 Nce7 20. Rfc1 Nf5 21. Nc4 Bf4 22. Bxf4 Nxf4 23. Nce5 Nxd4 24. Kh1 Nxf3 25. Nxf3 Rxc1+ 26. Rxc1 Qa8 27. Rc7 Nxh3 28. Rxa7 Qc6 29. Qe2 Nf4 30. Qd2 Qc4 31. Kh2 Nxg2 32. Qd4 Qxd4 33. Nxd4 Nf4 34. a4 Rc8 35. a5 bxa5 36. bxa5 Rc4 37. Nb5 Ra4 38. Ra8+ Kh7 39. a6 Ra5 40. Nd6 Nd5 41. Nxf7 Nc7 42. Ra7 Nxa6 43. Nd8 Rh5+ 44. Kg1 Nc5 45. Re7 Rg5+ 46. Kh2 Rf5 47. Kg2 Rf6 48. Kg1 h5 49. Nf7 Ne4 50. Nd8 Ng5 51. Kg2 h4 52. Nc6 h3+ 53. Kh1 Rxf2 54. Nd4 Ne4 55. Nxe6 Ng3+ 0-1

[Event "New York op"]
[Site "New York"]
[Date "1997.??.??"]
[Round "?"]
[White "Sagalchik, Gennadij"]
[Black "Gurevich, Dmitry"]
[Result "0-1"]
[WhiteElo "2550"]
[BlackElo "2580"]
[PlyCount "52"]
[EventDate "1997.04.02"]
[Source "ChessBase"]

1. d4 Nf6 2. Nf3 e6 3. c4 a6 4. Nc3 c5 5. e3 d5 6. cxd5 exd5 7. Be2 c4 8. Ne5 b5 9. Bf3 Bb7 10. O-O Bd6 11. Qc2 Nc6 12. Nxc6 Bxc6 13. e4 dxe4 14. Nxe4 Bxh2+ 15. Kxh2 Nxe4 16. d5 Bxd5 17. Rd1 f5 18. Bh5+ g6 19. f3 gxh5 20. fxe4 Qh4+ 21. Kg1 Qxe4 22. Qf2 Rg8 23. Rxd5 Qxd5 24. Qe2+ Kf7 25. Qxh5+ Rg6 26. Bg5 Qd4+ 0-1

[Event "CRO-Cup"]
[Site "Pula"]
[Date "1998.??.??"]
[Round "5"]
[White "Pinter, Jozsef"]
[Black "Sax, Gyula"]
[Result "1/2-1/2"]
[WhiteElo "2590"]
[BlackElo "2535"]
[PlyCount "24"]
[EventDate "1998.??.??"]
[Source "www.chesslib.no"]
[SourceDate "2004.05.04"]

1. Nf3 Nf6 2. c4 c5 3. Nc3 Nc6 4. e3 e6 5. d4 d5 6. a3 a6 7. cxd5 exd5 8. Be2 Bd6 9. dxc5 Bxc5 10. O-O O-O 11. b4 Bd6 12. Bb2 Bg4 1/2-1/2

[Event "Lugano Open"]
[Site "Lugano SUI"]
[Date "1989.??.??"]
[Round "5"]
[White "King, Daniel J"]
[Black "Sax, Gyula"]
[Result "1/2-1/2"]
[WhiteElo "2500"]
[BlackElo "2610"]
[PlyCount "38"]
[EventDate "1989.03.??"]
[Source "www.chesslib.no"]
[SourceDate "2004.05.04"]

1. Nf3 Nf6 2. c4 c5 3. Nc3 Nc6 4. e3 e6 5. d4 d5 6. a3 Ne4 7. Bd3 Nxc3 8. bxc3 Be7 9. O-O O-O 10. Bb2 dxc4 11. Bxc4 Qc7 12. e4 Na5 13. Bd3 b5 14. a4 c4 15. Be2 b4 16. cxb4 Bxb4 17. Ba3 Nc6 18. e5 Bxa3 19. Rxa3 h6 1/2-1/2